| 000 | 01171nam a2200217Ia 4500 | ||
|---|---|---|---|
| 003 | OSt | ||
| 005 | 20210804152804.0 | ||
| 008 | 210310s1995 ck fr 100 0 spa d | ||
| 040 |
_aCO-JMCR _cCO-JMCR |
||
| 041 | 0 | _aspa | |
| 082 | 0 | 4 |
_a332.6 / _bF727t _223 |
| 111 | 2 |
_aForo "Tendencias del Mercado Financiero Colombiano" _d(1995 : _cColombia) _939067 |
|
| 245 | 1 | 0 |
_aTendencias del Mercado Financiero Colombiano / _cForo Tendencias del Mercado Financiero Colombiano |
| 260 |
_aBogotá : _bANIF, _c1995 |
||
| 300 |
_a131 páginas ; _c23 cm. |
||
| 505 | 0 |
_tPanorama económico general / _rGuillermo Perry Rubio _tTendencias bancarias internacionales / _rSantiago Madriñan _tEfectos estructurales de la valorización a precios de mercado / _rLuis Gabriel Jaramillo _tDinámica del sector financiero colombiano / _rJavier Fernández Riva _tDarwin y la supervisión financiera / _rJorge Castelllanos |
|
| 650 | 1 | 4 |
_aMercado financiero colombiano _916767 _xTendencias _xCongresos, conferencias, etc. |
| 650 | 2 | 4 |
_aTendencias bancarias internacionales _xCongresos, conferencias, etc. _939068 |
| 650 | 2 | 4 |
_aBolsa de valores _xCongresos, conferencias, etc. _zColombia _938835 |
| 942 |
_2ddc _cBK |
||
| 999 |
_c8256 _d8256 |
||